Apología de Villamartín / (Record no. 166936)
[ view plain ]
| 000 -LEADER | |
|---|---|
| campo de control de longitud fija | 00859nam a22002055i 4500 |
| 001 - NÚMERO DE CONTROL | |
| campo de control | 166936 |
| 003 - IDENTIFICADOR DE NÚMERO DE CONTROL | |
| campo de control | ES-MaACL |
| 005 - FECHA Y HORA DE LA ÚLTIMA TRANSACCIÓN | |
| campo de control | 20250716063324.0 |
| 008 - DATOS DE LONGITUD FIJA--INFORMACIÓN GENERAL | |
| campo de control de longitud fija | 990910s1880 sp |||| | spa d |
| 100 1# - ENTRADA PRINCIPAL--NOMBRE DE PERSONA | |
| Nombre de persona | Vallecillo, Antonio, |
| Fechas asociadas al nombre | 1807-1880 |
| Término indicativo de función/relación | Autor |
| 9 (RLIN) | 133518 |
| 245 10 - MENCIÓN DEL TÍTULO | |
| Título | Apología de Villamartín / |
| Mención de responsabilidad, etc. | por Antonio Vallecillo ; con un prólogo y varias notas de Luis Vidart. |
| 260 ## - PUBLICACIÓN, DISTRIBUCIÓN, ETC. | |
| Lugar de publicación, distribución, etc. | Madrid : |
| Nombre del editor, distribuidor, etc. | [s.n.], |
| Fecha de publicación, distribución, etc. | 1880 |
| Fabricante | (Imp. a cargo de A. López y P. Ballester) |
| 300 ## - DESCRIPCIÓN FÍSICA | |
| Extensión | 101 páginas ; |
| Dimensiones | 16 cm. |
| 600 14 - PUNTO DE ACCESO ADICIONAL DE MATERIA--NOMBRE DE PERSONA | |
| Nombre de persona | Villamartín, Francisco, |
| Fechas asociadas al nombre | 1833-1872 |
| 9 (RLIN) | 173138 |
| 700 1# - ENTRADA AGREGADA--NOMBRE PERSONAL | |
| Nombre de persona | Vidart, Luis, |
| Fechas asociadas al nombre | 1833-1897 |
| Término indicativo de función/relación | Autor de introducción |
| 9 (RLIN) | 114538 |
| 852 ## - LOCALIZACIÓN | |
| Ubicación | ES-MaACL |
| Ubicación en estantería | Depósito folletos |
| Anotaciones manuscritas | Dedicatoria autógrafa de Luis Vidart |
| Donativo/Legado | Donativo de Luis Vidart |
| Número de control de estantería | T-410-F-2 |
| Encuadernación | Enc. en un vol. facticio |
| -- | Holandesa |
| 942 ## - ELEMENTOS DE ENTRADA SECUNDARIOS (KOHA) | |
| Fuente del sistema de clasificación o colocación | Clasificación decimal universal |
| Tipo de ítem Koha | Folleto |
| Suprimir en OPAC | No |
| Estatus retirado | Estado de pérdida | Fuente del sistema de clasificación o colocación | Estado de daño | No para préstamo | Colección | Biblioteca de origen | Biblioteca actual | Ubicación en estantería | Fecha de adquisición | Fuente de adquisición | Total de préstamos | Signatura topográfica completa | Código de barras | Visto por última vez | Tipo de ítem Koha | Nota pública |
|---|---|---|---|---|---|---|---|---|---|---|---|---|---|---|---|---|
| Clasificación decimal universal | Colección de folletos | Biblioteca del Ateneo de Madrid | Biblioteca del Ateneo de Madrid | Depósito folletos | 17/01/2008 | Donación | T-410-F-2 | 1175112 | 23/02/2023 | Folleto | Dedicatoria autógrafa de Luis Vidart |
